[Event "Pardubice Czech op"]
[Site "Pardubice"]
[Date "2007.07.28"]
[Round "9"]
[White "Schlecht, Daniel"]
[Black "Otte, Marco"]
[Result "1/2-1/2"]
[WhiteElo "2380"]
[BlackElo "2216"]
[PlyCount "191"]
[EventDate "2007.07.20"]
[EventType "swiss"]
[EventRounds "9"]
[EventCountry "CZE"]
[SourceTitle "CBM 119 Extra"]
[Source "ChessBase"]
[SourceDate "2007.09.04"]
[SourceVersion "1"]
[SourceVersionDate "2007.09.04"]
[SourceQuality "1"]

1. d4 d5 2. c4 c6 3. Nf3 Nf6 4. e3 a6 5. Bd3 b5 6. cxd5 cxd5 7. 0-0 Bg4 8. a4 b4 9. Nbd2 Nbd7 10. a5 e5 11. dxe5 Nxe5 12. Be2 Bd6 13. Nxe5 Bxe2 14. Qxe2 Bxe5 15. Nf3 Bd6 16. Bd2 0-0 17. Rfc1 Qd7 18. Nd4 Rfc8 19. Rxc8+ Qxc8 20. Rc1 Qb7 21. Be1 Rc8 22. Rxc8+ Qxc8 23. Qc2 Qxc2 24. Nxc2 Kf8 25. Bxb4 Ke7 26. Kf1 Ne4 27. Ke2 Kd7 28. Bxd6 Nxd6 29. Nd4 g6 30. f3 Kc7 31. b4 Kd7 32. g4 h5 33. gxh5 gxh5 34. Kd3 f5 35. Ke2 Kc7 36. h4 Kd7 37. Kf2 Nc4 38. Nxf5 Ne5 39. Ke2 Nc6 40. Kd3 Nxb4+ 41. Kd4 Ke6 42. Ng7+ Kd6 43. Nxh5 Nc6+ 44. Kd3 Nxa5 45. Ng3 Nc6 46. Nf5+ Ke5 47. Nd4 Nd8 48. Kc3 Kf6 49. Kb4 Nb7 50. Kc3 Nd8 51. Ne2 Nc6 52. Nf4 Ke5 53. Nd3+ Kd6 54. Nb4 Ne7 55. Nxa6 Nf5 56. h5 Nxe3 57. h6 d4+ 58. Kd3 Nd5 59. h7 Nf4+ 60. Ke4 Ng6 61. Kf5 Nh8 62. Nb4 Ke7 63. Kg5 Kf7 64. Kh6 Kf6 65. Nd5+ Kf7 66. Nf4 Kf6 67. Nh5+ Kf7 68. Ng3 Ng6 69. Ne4 Nh8 70. f4 Ng6 71. f5 Nh8 72. f6 Kf8 73. Kg5 d3 74. Kf5 Kf7 75. Nd6+ Kf8 76. Nc4 Ke8 77. Ke6 Kf8 78. Ke5 Kf7 79. Kf5 Kf8 80. Ke6 Ke8 81. Ke5 Kf7 82. Kf5 Kf8 83. Kg5 Nf7+ 84. Kf4 Nh8 85. Kf5 Ke8 86. Nd6+ Kf8 87. Ne4 Kf7 88. Ng5+ Kf8 89. Ne6+ Ke8 90. Nc7+ Kf7 91. Nd5 d2 92. Nc3 Ke8 93. Ke4 Kf7 94. Ke3 Kxf6 95. Kxd2 Kg6 96. Ke3 1/2-1/2